SCADA systém produkcie v STEP7 TIA Portal

Saved in:
Bibliographic Details
Main Author: Lacková, Zuzana
Format: Book
Language:Slovak
Published: Bratislava STU FCHPT 2016
Online Access:View in OPAC
Tags: Add Tag
No Tags, Be the first to tag this record!

MARC

LEADER 00000nam a2200000 a 4500
005 20260127134415.0
008 160711 2016 000 0 slo d
035 |a vtls011565777 
039 9 |y 201607110845  |z mschk03 
040 |a STUSCHK1  |b slo  |c STUSCHK1  |e AACR2 
100 1 |a Lacková, Zuzana 
245 1 |a SCADA systém produkcie v STEP7 TIA Portal 
260 |a Bratislava  |b STU FCHPT  |c 2016 
300 |a 58 s.  |b il.  |c 25 cm 
500 |a Študijný program: automatizácia, informatizácia v chémii a potravinárstve 
500 |a Študijný odbor: automatizácie 
500 |a Školiace pracovisko: Ústav informatizácie, automatizácie a matematiky 
500 |a Evid. číslo: FCHPT-5414-61846 
910 |a SCHK95 
999 |c 12044  |d 12044